Back to the garden of Eden as spiritual partners. (Record no. 14652)

000 -LEADER
fixed length control field 00541nam a2200181 a 4500
001 - CONTROL NUMBER
control field :::00012485$&:&@@
003 - CONTROL NUMBER IDENTIFIER
control field OkBaRHE
005 - DATE AND TIME OF LATEST TRANSACTION
control field 20000607103419.0
008 - FIXED-LENGTH DATA ELEMENTS--GENERAL INFORMATION
fixed length control field s1979 j 000 0 eng u
040 ## - CATALOGING SOURCE
Transcribing agency
100 1# - MAIN ENTRY--PERSONAL NAME
Personal name Nicholas, Mary E.
245 10 - TITLE STATEMENT
Title Back to the garden of Eden as spiritual partners.
260 ## - PUBLICATION, DISTRIBUTION, ETC. (IMPRINT)
Place of publication, distribution, etc Tulsa, OK., :
Name of publisher, distributor, etc Harrison House
Date of publication, distribution, etc c1979
300 ## - PHYSICAL DESCRIPTION
Extent 59 p. ;
Dimensions 21 cm.
650 ## - SUBJECT ADDED ENTRY--TOPICAL TERM
Topical term or geographic name as entry element Marriage
942 ## - ADDED ENTRY ELEMENTS (KOHA)
Source of classification or shelving scheme
Koha item type Books
Copies
Permanent Location Shelving location Barcode Not for loan Lost status Copy number Full call number Price effective from Date last seen Withdrawn status Date acquired Source of classification or shelving scheme Koha item type Damaged status
RHEMA Bible Training CollegeGeneral Stacks12485  1HQ 734 .N52010-04-142010-04-14 2010-04-14 Books